[Event "Wch Juvenil 2013 sub-14"]
[Site "Al-Ain UAE"]
[Date "2013.12.25"]
[Round "8.30"]
[White "Catur, Adi Sagita"]
[Black "Panchanatham, Vignesh"]
[Result "0-1"]
[WhiteElo "1879"]
[BlackElo "2111"]
[PlyCount "76"]
[EventDate "2013.12.19"]
[EventType "swiss"]
[EventRounds "11"]
[EventCountry "UAE"]
[Source "lmi"]
[SourceDate "2013.12.19"]

1. Nf3 Nf6 2. g3 g6 3. Bg2 Bg7 4. O-O O-O 5. d4 d5 6. c4 c6 7. cxd5 cxd5 8. Nc3
Ne4 9. Bf4 Nc6 10. Re1 h6 11. Ne5 Nxc3 12. bxc3 Nxe5 13. Bxe5 Be6 14. Bxg7 Kxg7
15. e4 Rc8 16. Qb3 dxe4 17. Qxb7 f5 18. Qxa7 Rxc3 19. Red1 Rc7 20. Qa5 Bd5 21.
Bf1 Qd6 22. a3 Ra8 23. Qb4 Rca7 24. Rac1 Rxa3 25. Qxd6 exd6 26. Rc7+ Kf6 27.
Rd7 Ke6 28. Rg7 Ra1 29. Rxa1 Rxa1 30. Rxg6+ Kf7 31. Rxh6 Bc4 32. h4 Bxf1 33. g4
Be2+ 34. Kh2 Bxg4 35. Kg3 Ra3+ 36. Kf4 Rf3+ 37. Kg5 Rxf2 38. d5 e3 0-1

[Event "Wch Juvenil 2013 sub-14"]
[Site "Al-Ain UAE"]
[Date "2013.12.25"]
[Round "8.31"]
[White "Koniahli, Malek"]
[Black "Puccini, Jack"]
[Result "1/2-1/2"]
[WhiteElo "1875"]
[BlackElo "2073"]
[PlyCount "122"]
[EventDate "2013.12.19"]
[EventType "swiss"]
[EventRounds "11"]
[EventCountry "UAE"]
[Source "lmi"]
[SourceDate "2013.12.19"]

1. e4 c5 2. Nf3 d6 3. d4 cxd4 4. Nxd4 Nf6 5. Nc3 a6 6. Bc4 e6 7. Bb3 b5 8. a3
Be7 9. Be3 O-O 10. f3 Bb7 11. O-O Nbd7 12. Qe1 Nc5 13. Ba2 Rc8 14. Rd1 Qc7 15.
Qg3 Kh8 16. Qh3 Rfd8 17. g4 g6 18. g5 Nh5 19. Nde2 Nd7 20. Ng3 Nxg3 21. hxg3
Bxg5 22. f4 Bf6 23. Rf2 Bg7 24. Rh2 Nf8 25. Qh4 Re8 26. Rhd2 Rcd8 27. e5 Qc6
28. Qh2 d5 29. Ne2 Qc7 30. Nd4 f6 31. Nf3 fxe5 32. fxe5 d4 33. Nxd4 Bxe5 34.
Ne2 Rxd2 35. Rxd2 Bg7 36. c3 e5 37. Qf2 Ne6 38. Bb6 Qc8 39. Qe3 Rf8 40. Rd6 Nd8
41. Kh2 Nc6 42. Be6 Qb8 43. Qc5 Nd8 44. Bc7 Nxe6 45. Rxe6 Qc8 46. Qe7 Rf2+ 47.
Kg1 Rxe2 48. Qf7 Bf8 49. Re8 Rg2+ 50. Kf1 Qf5+ 51. Qxf5 gxf5 52. Rxf8+ Kg7 53.
Rxf5 Rxb2 54. Bxe5+ Kg8 55. Rg5+ Kf8 56. Rg7 Be4 57. Ra7 Kg8 58. Ke1 Ra2 59.
Rxa6 Kf7 60. Rf6+ Ke7 61. Rb6 Bd3 1/2-1/2

[Event "Wch Juvenil 2013 sub-14"]
[Site "Al-Ain UAE"]
[Date "2013.12.25"]
[Round "8.32"]
[White "Kololli, Martin"]
[Black "Simo, Marian"]
[Result "1-0"]
[WhiteElo "2045"]
[BlackElo "1873"]
[PlyCount "57"]
[EventDate "2013.12.19"]
[EventType "swiss"]
[EventRounds "11"]
[EventCountry "UAE"]
[Source "lmi"]
[SourceDate "2013.12.19"]

1. e4 c6 2. c4 e6 3. Nc3 Bb4 4. Qb3 Bxc3 5. Qxc3 Qf6 6. d4 d6 7. Nf3 Qd8 8. b3
Ne7 9. Bd3 Nd7 10. Ba3 d5 11. e5 f6 12. exf6 Nxf6 13. Ne5 Nd7 14. Nxd7 Bxd7 15.
Qb4 a5 16. Qd6 b5 17. cxb5 cxb5 18. Bc5 Rc8 19. O-O Rc6 20. Qg3 O-O 21. Bxh7+
Kxh7 22. Qh4+ Kg8 23. Bxe7 Qc7 24. Bxf8 Kxf8 25. Qh8+ Kf7 26. Qh5+ Kg8 27. Qg5
Qb6 28. Rac1 Rd6 29. Qe5 1-0

[Event "Wch Juvenil 2013 sub-14"]
[Site "Al-Ain UAE"]
[Date "2013.12.25"]
[Round "8.33"]
[White "Visveshwar, A."]
[Black "Spacek, Oliver"]
[Result "1/2-1/2"]
[WhiteElo "1870"]
[BlackElo "2041"]
[PlyCount "60"]
[EventDate "2013.12.19"]
[EventType "swiss"]
[EventRounds "11"]
[EventCountry "UAE"]
[Source "lmi"]
[SourceDate "2013.12.19"]

1. e4 c5 2. f4 e6 3. Nf3 d5 4. Bb5+ Bd7 5. Bxd7+ Nxd7 6. exd5 exd5 7. O-O Bd6
8. Nc3 Ne7 9. d4 c4 10. Ne5 O-O 11. Qf3 Nb6 12. a4 f6 13. Ng4 a5 14. Ne3 Nc6
15. Nb5 Bb8 16. Qg4 f5 17. Qf3 Qd7 18. Bd2 Ne7 19. b3 Ra6 20. Rae1 Ba7 21. Kh1
cxb3 22. cxb3 Nbc8 23. Rc1 Bb6 24. Rc2 Bd8 25. Nc3 Rc6 26. Rfc1 Nb6 27. Nb5
Nbc8 28. Nc3 Nb6 29. Nb5 Nbc8 30. Nc3 Nb6 1/2-1/2

[Event "Wch Juvenil 2013 sub-14"]
[Site "Al-Ain UAE"]
[Date "2013.12.25"]
[Round "8.34"]
[White "Loh, Zachary"]
[Black "Kovalevsky, Stanislav"]
[Result "1-0"]
[WhiteElo "2036"]
[BlackElo "1856"]
[PlyCount "79"]
[EventDate "2013.12.19"]
[EventType "swiss"]
[EventRounds "11"]
[EventCountry "UAE"]
[Source "lmi"]
[SourceDate "2013.12.19"]

1. c4 e6 2. Nf3 Nf6 3. g3 d5 4. b3 c6 5. Bb2 Nbd7 6. Bg2 Bd6 7. d4 O-O 8. O-O
Re8 9. Ne5 Bc7 10. f4 Nxe5 11. fxe5 Nd7 12. Nd2 f6 13. exf6 Nxf6 14. e4 e5 15.
dxe5 Bxe5 16. Bxe5 Rxe5 17. cxd5 cxd5 18. Nc4 Bg4 19. Qd4 Rxe4 20. Bxe4 dxe4
21. Qxd8+ Rxd8 22. Ne5 Bh3 23. Rfd1 Re8 24. Nc4 h5 25. Ne3 Nh7 26. Rac1 Ng5 27.
Rc7 Bg4 28. Rdc1 Nh3+ 29. Kg2 Kh7 30. Nxg4 hxg4 31. Rxb7 e3 32. Re1 Rf8 33. Re2
a5 34. Re7 Rc8 35. R7xe3 Rc1 36. Re1 Rc2+ 37. R3e2 Rc3 38. Re4 Ng5 39. Rc4 Rd3
40. Re2 1-0

[Event "Wch Juvenil 2013 sub-14"]
[Site "Al-Ain UAE"]
[Date "2013.12.25"]
[Round "8.35"]
[White "Patrascu, Catalin-Lucian"]
[Black "Markocic, Tine"]
[Result "0-1"]
[WhiteElo "2033"]
[BlackElo "1853"]
[PlyCount "74"]
[EventDate "2013.12.19"]
[EventType "swiss"]
[EventRounds "11"]
[EventCountry "UAE"]
[Source "lmi"]
[SourceDate "2013.12.19"]

1. e4 c5 2. d4 cxd4 3. c3 dxc3 4. Nxc3 d6 5. Bc4 e6 6. Nf3 Be7 7. O-O Nc6 8.
Qe2 Nf6 9. Rd1 e5 10. Bg5 O-O 11. Qd2 Ne8 12. Bxe7 Qxe7 13. Nd5 Qd8 14. b4 Bg4
15. Qe3 Nd4 16. Rxd4 exd4 17. Nxd4 Nf6 18. Nc3 Rc8 19. Bb3 Qb6 20. Rb1 Rfe8 21.
a4 Be6 22. a5 Qd8 23. Ba4 Bd7 24. Bb3 Qe7 25. f3 Qe5 26. Re1 Rc7 27. Qd3 Rec8
28. Nce2 d5 29. exd5 Nxd5 30. Bxd5 Qxd5 31. Nf4 Qa2 32. Qe4 Rc1 33. h3 Rxe1+
34. Qxe1 Qb2 35. Qe5 Re8 36. Qd5 Qc1+ 37. Kf2 Qe1# 0-1

[Event "Wch Juvenil 2013 sub-14"]
[Site "Al-Ain UAE"]
[Date "2013.12.25"]
[Round "8.36"]
[White "Fawzy, Adham"]
[Black "Liao, Yu Hao"]
[Result "0-1"]
[WhiteElo "2013"]
[BlackElo "1770"]
[PlyCount "102"]
[EventDate "2013.12.19"]
[EventType "swiss"]
[EventRounds "11"]
[EventCountry "UAE"]
[Source "lmi"]
[SourceDate "2013.12.19"]

1. e4 c5 2. Nf3 d6 3. d4 cxd4 4. Nxd4 Nf6 5. Nc3 a6 6. Be3 e5 7. Nb3 Be7 8. f3
Be6 9. Qd2 h5 10. O-O-O Nbd7 11. Nd5 Nxd5 12. exd5 Bf5 13. Bd3 Bxd3 14. Qxd3
Bg5 15. g4 hxg4 16. fxg4 Rh3 17. Bxg5 Qxg5+ 18. Qd2 Qxd2+ 19. Rxd2 Nf6 20. Na5
b5 21. g5 Ne4 22. Rg2 Rh5 23. h4 O-O-O 24. Rhh2 Rd7 25. c4 Rc7 26. b3 bxc4 27.
Nxc4 Kb8 28. Kb2 f5 29. gxf6 gxf6 30. Rg4 f5 31. Rg6 Rd7 32. Rg8+ Kb7 33. Na5+
Kb6 34. Rc2 Kxa5 35. Rb8 Nc5 36. b4+ Ka4 37. bxc5 Rxh4 38. c6 Rc7 39. a3 Rd4
40. Rb7 Rc8 41. c7 Rxd5 42. Rc4+ Ka5 43. a4 Rc5 44. Kc3 e4 45. Rxc5+ dxc5 46.
Kc4 e3 47. Kxc5 e2 48. Rb1 Rxc7+ 49. Kd6 Rc4 50. Re1 Re4 51. Kd5 Re8 0-1

[Event "Wch Juvenil 2013 sub-14"]
[Site "Al-Ain UAE"]
[Date "2013.12.25"]
[Round "8.37"]
[White "Akhgari, Reza"]
[Black "Graif, William"]
[Result "0-1"]
[WhiteElo "2000"]
[BlackElo "1851"]
[PlyCount "82"]
[EventDate "2013.12.19"]
[EventType "swiss"]
[EventRounds "11"]
[EventCountry "UAE"]
[Source "lmi"]
[SourceDate "2013.12.19"]

1. d4 Nf6 2. c4 Nc6 3. Nf3 e6 4. g3 Bb4+ 5. Bd2 Qe7 6. Nc3 e5 7. dxe5 Nxe5 8.
Nxe5 Qxe5 9. Bg2 O-O 10. O-O Re8 11. Bf4 Qc5 12. Nb5 d6 13. Qc1 Ba5 14. a3 Qh5
15. Bf3 Bg4 16. b4 a6 17. Nxd6 cxd6 18. bxa5 Bxf3 19. exf3 Qxf3 20. Bxd6 Rac8
21. Rb1 Ne4 22. Qf4 Qh5 23. Rfe1 g5 24. Qf5 Nxd6 25. Qd7 Red8 26. Qe7 Qg6 27.
c5 Nb5 28. Qxb7 Qc6 29. Re7 Qxb7 30. Rxb7 Rxc5 31. a4 Nd4 32. Ra7 Rd6 33. Rb6
Nf3+ 34. Kf1 Rc1+ 35. Ke2 g4 36. Rxd6 Re1+ 37. Kd3 Rd1+ 38. Kc4 Rxd6 39. Kc5
Re6 40. Rb7 Kf8 41. Rb6 Ke7 0-1

[Event "Wch Juvenil 2013 sub-14"]
[Site "Al-Ain UAE"]
[Date "2013.12.25"]
[Round "8.38"]
[White "Kolver, Chris"]
[Black "Djurhuus, Eivind X"]
[Result "1/2-1/2"]
[WhiteElo "1737"]
[BlackElo "1978"]
[PlyCount "110"]
[EventDate "2013.12.19"]
[EventType "swiss"]
[EventRounds "11"]
[EventCountry "UAE"]
[Source "lmi"]
[SourceDate "2013.12.19"]

1. d4 e6 2. c4 f5 3. Nf3 Nf6 4. g3 d5 5. Bg2 c6 6. b3 Bd6 7. O-O Qe7 8. Bb2 b6
9. Nbd2 O-O 10. Ne5 Bb7 11. Ndf3 Nbd7 12. Nd3 Rac8 13. Rc1 c5 14. e3 Rc7 15.
Nfe5 Rfc8 16. cxd5 Bxd5 17. Nc4 cxd4 18. Nxd6 Qxd6 19. exd4 Bxg2 20. Kxg2 Ne4
21. Rxc7 Qxc7 22. f3 Qc2+ 23. Kg1 Ng5 24. Qxc2 Rxc2 25. h4 Nh3+ 26. Kh1 Rd2 27.
Bc1 Rxd3 28. Kg2 Rxd4 29. Kxh3 Kf7 30. f4 Nf6 31. Bb2 Rd2 32. Bxf6 Kxf6 33. a4
Rd3 34. Rb1 e5 35. fxe5+ Kxe5 36. Kg2 f4 37. gxf4+ Kxf4 38. Rf1+ Kg4 39. Rf7
Rg3+ 40. Kf2 Kxh4 41. Rxa7 h5 42. Rb7 Rg6 43. b4 Rf6+ 44. Kg2 g5 45. a5 bxa5
46. bxa5 g4 47. Rb3 Rc6 48. Ra3 Ra6 49. Ra4 Kg5 50. Kg3 h4+ 51. Kg2 Kf5 52. Kh2
Kg5 53. Kg2 g3 54. Kh3 Rd6 55. Rxh4 Ra6 1/2-1/2

[Event "Wch Juvenil 2013 sub-14"]
[Site "Al-Ain UAE"]
[Date "2013.12.25"]
[Round "8.40"]
[White "Zisiadis, Dimitrios"]
[Black "Abbas, Daniel"]
[Result "1-0"]
[WhiteElo "1827"]
[PlyCount "149"]
[EventDate "2013.12.19"]
[EventType "swiss"]
[EventRounds "11"]
[EventCountry "UAE"]
[Source "lmi"]
[SourceDate "2013.12.19"]
[BlackElo "1974"]

1. d4 Nf6 2. c4 c5 3. Nf3 g6 4. Nc3 Bg7 5. e4 cxd4 6. Nxd4 d6 7. Be2 O-O 8. Be3
Nbd7 9. Rc1 Ne5 10. h3 Bd7 11. f4 Nc6 12. Qd2 a6 13. O-O Nxd4 14. Bxd4 b5 15.
e5 Ne8 16. cxb5 axb5 17. Bf3 dxe5 18. fxe5 Rb8 19. Qe3 b4 20. Nd5 Be6 21. Rc5
Qd7 22. Rfc1 Bxd5 23. Bxd5 Rd8 24. e6 Qxe6 25. Bxe6 Bxd4 26. Qxd4 Rxd4 27. Bb3
Nd6 28. Rc7 e6 29. Rd7 Nf5 30. Rb7 Rfd8 31. Rcc7 Nd6 32. Rb6 Rd2 33. Rxb4 Rxb2
34. Rd4 Re2 35. Kf1 Re4 36. Rd3 Rb4 37. Ke1 Kf8 38. Kd1 Rb7 39. Rc6 Ke7 40. Kc2
Ra7 41. a4 e5 42. Rd5 f6 43. Kc3 Ne4+ 44. Kb4 Rxd5 45. Bxd5 Nd6 46. a5 f5 47.
a6 g5 48. Kc5 Nc8 49. Rxc8 Rxa6 50. Rc7+ Kf6 51. Rxh7 Ra5+ 52. Kd6 Ra6+ 53. Bc6
e4 54. Rh6+ Kg7 55. Re6 Ra2 56. g4 Rf2 57. Re7+ Kf8 58. Re5 Kf7 59. Bd5+ Kf6
60. Re7 f4 61. Rxe4 Rh2 62. Re6+ Kg7 63. Be4 Rxh3 64. Rg6+ Kf7 65. Rxg5 Rg3 66.
Ke5 f3 67. Rf5+ Kg7 68. Bxf3 Rg1 69. Kf4 Ra1 70. Rb5 Ra4+ 71. Kf5 Ra6 72. Rb7+
Kf8 73. g5 Rd6 74. Be2 Rd8 75. Bc4 1-0

[Event "Wch Juvenil 2013 sub-14"]
[Site "Al-Ain UAE"]
[Date "2013.12.25"]
[Round "8.41"]
[White "Kenenbaev, Aidar"]
[Black "Bunyatov, Rustam Faiq"]
[Result "1/2-1/2"]
[WhiteElo "1680"]
[BlackElo "1965"]
[PlyCount "100"]
[EventDate "2013.12.19"]
[EventType "swiss"]
[EventRounds "11"]
[EventCountry "UAE"]
[Source "lmi"]
[SourceDate "2013.12.19"]

1. e4 Nf6 2. e5 Nd5 3. d4 d6 4. c4 Nb6 5. exd6 cxd6 6. Nc3 g6 7. Be3 Bg7 8. Rc1
O-O 9. b3 f5 10. d5 f4 11. Bd4 e5 12. dxe6 Bxd4 13. Qxd4 Nc6 14. Qd2 Bxe6 15.
Nf3 Bg4 16. Be2 Bxf3 17. Bxf3 Re8+ 18. Ne2 Ne5 19. Bxb7 f3 20. Bxf3 Nxf3+ 21.
gxf3 Qe7 22. Rc2 Nd7 23. O-O Ne5 24. Qd5+ Kg7 25. Ng3 Rf8 26. Rc3 Qf6 27. Kg2
Rad8 28. Re1 Qg5 29. c5 Nxf3 30. Qxg5 Nxg5 31. Re7+ Rf7 32. cxd6 Rxd6 33. Rcc7
Rdf6 34. Rxf7+ Rxf7 35. Rxf7+ Kxf7 36. f4 Ne6 37. Kf3 Nc5 38. Ne4 Nb7 39. b4 h6
40. Nc5 Nd6 41. Ke3 Ke7 42. Kd4 Nb5+ 43. Kc4 Nc7 44. a4 Kd6 45. b5 Nd5 46. Nb7+
Ke6 47. Nd8+ Kd6 48. a5 Nxf4 49. b6 axb6 50. axb6 Nd5 1/2-1/2

[Event "Wch Juvenil 2013 sub-14"]
[Site "Al-Ain UAE"]
[Date "2013.12.25"]
[Round "8.42"]
[White "Kokaia, Guram"]
[Black "Chow, Colin"]
[Result "0-1"]
[WhiteElo "1812"]
[BlackElo "2114"]
[PlyCount "68"]
[EventDate "2013.12.19"]
[EventType "swiss"]
[EventRounds "11"]
[EventCountry "UAE"]
[Source "lmi"]
[SourceDate "2013.12.19"]

1. e4 e6 2. d4 d5 3. Nd2 Nf6 4. e5 Nfd7 5. Bd3 c5 6. c3 Nc6 7. Ne2 cxd4 8. cxd4
f6 9. exf6 Nxf6 10. O-O Bd6 11. Nf3 O-O 12. Bf4 Bxf4 13. Nxf4 Ng4 14. Ne2 Qd6
15. h3 Nf6 16. Re1 e5 17. dxe5 Nxe5 18. Nxe5 Qxe5 19. Qd2 Bd7 20. Rad1 Rad8 21.
Nf4 Qb8 22. Bc2 Kh8 23. Re7 Ng8 24. Rxd7 Rxd7 25. Qd3 Nf6 26. Ne6 Rc8 27. Qf5
Qd6 28. Ba4 Re7 29. Nxg7 Rg8 30. Nh5 Nxh5 31. Qxh5 Re5 32. Qh4 Qg6 33. g3 Re4
34. Bc2 Rxh4 0-1

[Event "Wch Juvenil 2013 sub-14"]
[Site "Al-Ain UAE"]
[Date "2013.12.25"]
[Round "8.43"]
[White "Ooi, Zhi Yang"]
[Black "Mohammad, Fahim"]
[Result "1-0"]
[WhiteElo "1803"]
[BlackElo "2059"]
[PlyCount "109"]
[EventDate "2013.12.19"]
[EventType "swiss"]
[EventRounds "11"]
[EventCountry "UAE"]
[Source "lmi"]
[SourceDate "2013.12.19"]

1. c4 c5 2. Nc3 Nf6 3. g3 d5 4. cxd5 Nxd5 5. Bg2 Nc7 6. Nf3 Nc6 7. O-O e5 8. d3
Be7 9. Be3 O-O 10. Rc1 Rb8 11. Qd2 Ne6 12. Na4 b6 13. b4 e4 14. dxe4 Nxb4 15.
Qb2 Bb7 16. Nc3 Bf6 17. Qb1 Re8 18. Rfd1 Qc8 19. Nd5 Nxd5 20. exd5 Nf8 21. Bf4
Rxe2 22. Bxb8 Qxb8 23. Rd2 Re8 24. Qb5 Rd8 25. Rcd1 Qd6 26. a4 Rc8 27. Bh3 a6
28. Qc4 Rb8 29. Rc1 Be7 30. Rd3 b5 31. axb5 axb5 32. Qe4 c4 33. Rdd1 Bf6 34.
Bg2 c3 35. Nd4 b4 36. Rb1 Ba8 37. Nc6 Bxc6 38. dxc6 Qc5 39. c7 Qxc7 40. Rxb4
Rd8 41. Bf3 c2 42. Rc1 Rd2 43. Rc4 Qb6 44. Qe1 Rd3 45. Be4 Rb3 46. R4xc2 h5 47.
Bd5 Rb5 48. Rd1 h4 49. Rc8 h3 50. Bxf7+ Kxf7 51. Qe8+ Kg8 52. Qxf8+ Kh7 53.
Qh8+ Kg6 54. Qxh3 Rb2 55. Qg4+ 1-0

[Event "Wch Juvenil 2013 sub-14"]
[Site "Al-Ain UAE"]
[Date "2013.12.25"]
[Round "8.44"]
[White "Foziljonov, Khojiakbar"]
[Black "Mousseri, Daniel"]
[Result "1-0"]
[WhiteElo "1801"]
[BlackElo "2043"]
[PlyCount "61"]
[EventDate "2013.12.19"]
[EventType "swiss"]
[EventRounds "11"]
[EventCountry "UAE"]
[Source "lmi"]
[SourceDate "2013.12.19"]

1. e4 c5 2. Nf3 d6 3. d4 cxd4 4. Nxd4 Nf6 5. Nc3 a6 6. Be3 e5 7. Nb3 Be6 8. f3
Be7 9. Qd2 O-O 10. O-O-O Nbd7 11. g4 b5 12. g5 b4 13. Ne2 Ne8 14. h4 a5 15. Kb1
Nc7 16. f4 a4 17. Nbc1 b3 18. f5 bxa2+ 19. Ka1 Bc4 20. Rg1 Kh8 21. Nc3 Ba6 22.
h5 Bb7 23. g6 fxg6 24. hxg6 Nf6 25. Rh1 Nce8 26. Bg5 a3 27. b3 Qa5 28. N1xa2 h5
29. Bc4 d5 30. Bxf6 Nxf6 31. Qg5 1-0

[Event "Wch Juvenil 2013 sub-14"]
[Site "Al-Ain UAE"]
[Date "2013.12.25"]
[Round "8.45"]
[White "Lynch, Justin"]
[Black "Pigeat, Alexandre"]
[Result "0-1"]
[WhiteElo "1725"]
[BlackElo "2002"]
[PlyCount "62"]
[EventDate "2013.12.19"]
[EventType "swiss"]
[EventRounds "11"]
[EventCountry "UAE"]
[Source "lmi"]
[SourceDate "2013.12.19"]

1. d4 g6 2. c4 Bg7 3. Nf3 d6 4. e4 Nc6 5. h3 e5 6. d5 Nce7 7. b4 f5 8. Nc3 Nf6
9. Bd3 O-O 10. Rb1 Qe8 11. Nd2 Nh5 12. Nf3 Nf4 13. Bxf4 exf4 14. Ne2 fxe4 15.
Bxe4 Nf5 16. Qc2 Qe7 17. O-O Re8 18. Bd3 Nh4 19. Ne1 Qg5 20. Qd2 Be5 21. Ng3
Nxg2 22. Kxg2 Qh4 23. Rh1 fxg3 24. Nf3 Qf6 25. Nxe5 Rxe5 26. fxg3 Bf5 27. Rhf1
Qe7 28. Rf2 Re3 29. Bxf5 gxf5 30. Rb2 Re8 31. Re2 Rxe2+ 0-1

[Event "Wch Juvenil 2013 sub-14"]
[Site "Al-Ain UAE"]
[Date "2013.12.25"]
[Round "8.46"]
[White "Banik, Siddharth G"]
[Black "Ait Abbas, Yacine"]
[Result "1-0"]
[WhiteElo "1978"]
[BlackElo "1771"]
[PlyCount "80"]
[EventDate "2013.12.19"]
[EventType "swiss"]
[EventRounds "11"]
[EventCountry "UAE"]
[Source "lmi"]
[SourceDate "2013.12.19"]

1. e4 c6 2. d4 d5 3. e5 Bf5 4. h4 h6 5. g4 Bd7 6. h5 e6 7. f4 c5 8. c3 Nc6 9.
Nf3 Rc8 10. a3 c4 11. Bh3 b5 12. Nbd2 a5 13. Nf1 b4 14. Ng3 Be7 15. O-O b3 16.
f5 Bf8 17. g5 exf5 18. Nxf5 Qb6 19. Qe2 Kd8 20. g6 fxg6 21. e6 Be8 22. e7+
Ncxe7 23. Nxe7 Bxe7 24. Bxc8 Kxc8 25. Bf4 gxh5 26. Qe5 Bf7 27. Rae1 Bf6 28.
Qf5+ Kd8 29. Ne5 Be8 30. Ng6 Bxd4+ 31. Kh2 Qxg6 32. Qxd5+ Bd7 33. Qa8+ Bc8 34.
Qxa5+ Bb6 35. Qd5+ Bd7 36. Qa8+ Bc8 37. Rd1+ Ke7 38. Bd6+ Kd7 39. Bf4+ Ke7 40.
Qxc8 Qg4 1-0

[Event "Wch Juvenil 2013 sub-14"]
[Site "Al-Ain UAE"]
[Date "2013.12.25"]
[Round "8.47"]
[White "Kuruppu, Supun Dasantha"]
[Black "Agmanov, Zhandos"]
[Result "0-1"]
[WhiteElo "1692"]
[BlackElo "1972"]
[PlyCount "70"]
[EventDate "2013.12.19"]
[EventType "swiss"]
[EventRounds "11"]
[EventCountry "UAE"]
[Source "lmi"]
[SourceDate "2013.12.19"]

1. d4 Nf6 2. c4 g6 3. Nc3 d5 4. e3 Bg7 5. Nf3 O-O 6. b3 c5 7. Bb2 cxd4 8. exd4
Nc6 9. Be2 Ne4 10. O-O Nxc3 11. Bxc3 Bg4 12. h3 Bf5 13. Re1 Be4 14. c5 Re8 15.
b4 e5 16. b5 exd4 17. Nxd4 Qg5 18. Bf1 Ne7 19. Nf3 Bxf3 20. Qxf3 d4 21. Bb2
Qxc5 22. Ba3 Qc7 23. Rac1 Qd7 24. Bc4 Nf5 25. g4 Nh4 26. Qg3 g5 27. Bd3 Be5 28.
Rxe5 Rxe5 29. Kf1 Qd5 30. f3 Qxa2 31. Bd6 Re3 32. Be4 Qe2+ 33. Kg1 Nxf3+ 34.
Bxf3 Rxf3 35. Qg2 Qe3+ 0-1

[Event "Wch Juvenil 2013 sub-14"]
[Site "Al-Ain UAE"]
[Date "2013.12.25"]
[Round "8.48"]
[White "Virtanen, Teemu"]
[Black "Cerniauskas, Markas"]
[Result "1-0"]
[WhiteElo "1936"]
[BlackElo "1756"]
[PlyCount "77"]
[EventDate "2013.12.19"]
[EventType "swiss"]
[EventRounds "11"]
[EventCountry "UAE"]
[Source "lmi"]
[SourceDate "2013.12.19"]

1. c4 Nf6 2. Nc3 e5 3. g3 g6 4. Bg2 Bg7 5. d3 d6 6. Nf3 O-O 7. O-O Nc6 8. Bg5
Bd7 9. Qd2 Re8 10. Ne1 Qc8 11. Nc2 Bh3 12. Nd5 Nxd5 13. cxd5 Bxg2 14. Kxg2 Ne7
15. e4 c6 16. Bxe7 Rxe7 17. Ne3 Qd7 18. b4 Ree8 19. Rac1 Bh6 20. f4 Rac8 21.
Qe2 f6 22. Rc4 Rc7 23. dxc6 bxc6 24. b5 Bg7 25. Qc2 c5 26. Nd5 Rb7 27. a4 exf4
28. Rxf4 f5 29. Qf2 Qe6 30. Qf3 Rf8 31. exf5 Qc8 32. f6 Bh6 33. Rh4 Bg5 34.
Rhg4 Bh6 35. Qe4 Kh8 36. Rh4 Bg5 37. Ne7 Rxe7 38. Qxe7 Qa8+ 39. Rce4 1-0

[Event "Wch Juvenil 2013 sub-14"]
[Site "Al-Ain UAE"]
[Date "2013.12.25"]
[Round "8.49"]
[White "Le, Minh Hoang"]
[Black "Tavzarashvili, Giorgi"]
[Result "1-0"]
[WhiteElo "1927"]
[BlackElo "1692"]
[PlyCount "57"]
[EventDate "2013.12.19"]
[EventType "swiss"]
[EventRounds "11"]
[EventCountry "UAE"]
[Source "lmi"]
[SourceDate "2013.12.19"]

1. d4 Nf6 2. Nf3 e6 3. e3 c5 4. Bd3 Nc6 5. O-O d5 6. b3 cxd4 7. exd4 Bd6 8. Bb2
O-O 9. a3 Ne4 10. Nbd2 f5 11. Ne5 Nxe5 12. dxe5 Bc5 13. Nf3 Qb6 14. Qe2 a5 15.
Bc1 Bd7 16. Be3 Rac8 17. Kh1 Be8 18. Bxc5 Qxc5 19. Qe3 Qc7 20. c4 Bh5 21. cxd5
exd5 22. Rac1 Qe7 23. Qd4 Rxc1 24. Rxc1 Qxa3 25. Rc2 Qxb3 26. h3 Bxf3 27. gxf3
Ng5 28. Qe3 f4 29. Bxh7+ 1-0

[Event "Wch Juvenil 2013 sub-14"]
[Site "Al-Ain UAE"]
[Date "2013.12.25"]
[Round "8.50"]
[White "Liao, Jo-Kai"]
[Black "Shi, Diwen"]
[Result "0-1"]
[WhiteElo "1571"]
[BlackElo "1924"]
[PlyCount "64"]
[EventDate "2013.12.19"]
[EventType "swiss"]
[EventRounds "11"]
[EventCountry "UAE"]
[Source "lmi"]
[SourceDate "2013.12.19"]

1. e4 c5 2. Nf3 d6 3. d4 cxd4 4. Nxd4 Nf6 5. Nc3 g6 6. Be3 Bg7 7. f3 Nc6 8. Bc4
O-O 9. Qd2 Bd7 10. O-O-O Rc8 11. Bb3 Ne5 12. Bh6 Bxh6 13. Qxh6 Rxc3 14. bxc3
Qc7 15. Kb2 a5 16. h4 a4 17. Ne2 axb3 18. cxb3 Qc5 19. h5 Ra8 20. Rd2 Bb5 21.
Nf4 Qe3 22. Rdd1 Qf2+ 23. Ne2 Bxe2 24. Rd2 Qxg2 25. hxg6 fxg6 26. Rh2 Qxf3 27.
Rh3 Qxe4 28. Re3 Nfg4 29. Rxe4 Nxh6 30. Rdxe2 Nf5 31. Rh2 h5 32. a4 Ng3 0-1

[Event "Wch Juvenil 2013 sub-14"]
[Site "Al-Ain UAE"]
[Date "2013.12.25"]
[Round "8.52"]
[White "Lau, Jason"]
[Black "Absaridze, Gigi"]
[Result "0-1"]
[WhiteElo "1888"]
[BlackElo "1726"]
[PlyCount "144"]
[EventDate "2013.12.19"]
[EventType "swiss"]
[EventRounds "11"]
[EventCountry "UAE"]
[Source "lmi"]
[SourceDate "2013.12.19"]

1. e4 c5 2. Nc3 e6 3. f4 Nc6 4. Nf3 Be7 5. g3 d6 6. Bg2 Nf6 7. d3 a6 8. O-O Qc7
9. Qe2 O-O 10. Nd1 b5 11. c3 Bb7 12. Nf2 Rac8 13. g4 b4 14. g5 Nd7 15. Bh3 Rfe8
16. Ng4 a5 17. Bd2 Ba6 18. Ne1 Nb6 19. Qf3 Rcd8 20. f5 exf5 21. exf5 Bf8 22.
Bg2 Bb7 23. Qh3 Ne5 24. Nxe5 Bxg2 25. Nxg2 dxe5 26. Nh4 Qd7 27. Be3 Nd5 28.
cxb4 Nxe3 29. Qxe3 cxb4 30. Rad1 Qd5 31. Qe4 Qxa2 32. g6 Bc5+ 33. Kh1 Qd5 34.
gxh7+ Kxh7 35. Nf3 Qxe4 36. dxe4 f6 37. Rc1 Rc8 38. Rfd1 Bd4 39. Rxc8 Rxc8 40.
Nxd4 exd4 41. Rxd4 Rc1+ 42. Kg2 Rc2+ 43. Kg3 Rxb2 44. Rd7 Kg8 45. Rd8+ Kf7 46.
Rd7+ Kf8 47. Rd8+ Ke7 48. Ra8 Ra2 49. Ra7+ Kf8 50. Ra8+ Kf7 51. Ra7+ Kg8 52.
Ra8+ Kh7 53. Ra7 b3 54. e5 b2 55. Rb7 fxe5 56. f6 b1=Q 57. Rxb1 gxf6 58. h4 a4
59. Kg4 a3 60. Rb7+ Kh6 61. Rb6 Ra1 62. Rxf6+ Kg7 63. Ra6 a2 64. Ra7+ Kf6 65.
Ra6+ Ke7 66. Kh5 e4 67. Kh6 e3 68. Ra7+ Kd6 69. Ra6+ Ke5 70. Ra5+ Kf4 71. h5 e2
72. Ra8 e1=Q 0-1

[Event "Wch Juvenil 2013 sub-14"]
[Site "Al-Ain UAE"]
[Date "2013.12.25"]
[Round "8.54"]
[White "Doluweera, Minul Sanjula"]
[Black "Sadubayev, Airat"]
[Result "1-0"]
[WhiteElo "1857"]
[BlackElo "1706"]
[PlyCount "58"]
[EventDate "2013.12.19"]
[EventType "swiss"]
[EventRounds "11"]
[EventCountry "UAE"]
[Source "lmi"]
[SourceDate "2013.12.19"]

1. c4 Nf6 2. d4 c5 3. Nf3 e6 4. Nc3 cxd4 5. Nxd4 a6 6. g3 Qc7 7. e4 b6 8. Qe2
d6 9. Bg2 Bb7 10. O-O Nbd7 11. Be3 Rc8 12. b3 Be7 13. h3 O-O 14. Rac1 Qb8 15.
f4 Rfd8 16. g4 Qa8 17. Bf2 Nb8 18. g5 Nfd7 19. f5 exf5 20. Nxf5 Bxg5 21. Qg4
Bf6 22. Bh4 h5 23. Nh6+ Kf8 24. Qxh5 g6 25. Rxf6 Nxf6 26. Qf3 Nbd7 27. Bxf6
Nxf6 28. Qxf6 Rc7 29. Rf1 Ke8 1-0

[Event "Wch Juvenil 2013 sub-14"]
[Site "Al-Ain UAE"]
[Date "2013.12.25"]
[Round "8.55"]
[White "Isaev, Chingys"]
[Black "Thilakarathne, G M S."]
[Result "1-0"]
[WhiteElo "1834"]
[BlackElo "1674"]
[PlyCount "67"]
[EventDate "2013.12.19"]
[EventType "swiss"]
[EventRounds "11"]
[EventCountry "UAE"]
[Source "lmi"]
[SourceDate "2013.12.19"]

1. d4 d5 2. c4 e6 3. Nc3 c5 4. cxd5 exd5 5. Nf3 Nc6 6. e3 Nf6 7. Bb5 Bg4 8. O-O
Bd6 9. h3 Bh5 10. b3 O-O 11. Be2 Re8 12. Bb2 a6 13. Rc1 cxd4 14. Nxd4 Bxe2 15.
Ncxe2 Nxd4 16. Bxd4 Ne4 17. Qd3 Qe7 18. Bb6 Qe5 19. Nf4 g5 20. Bd4 Qf5 21. g4
Qd7 22. Nxd5 Bh2+ 23. Kxh2 Qxd5 24. Qc2 h5 25. gxh5 Qd6+ 26. Kg2 Qe6 27. f3 Nf6
28. Rg1 Rac8 29. Qd3 Nxh5 30. Rxc8 Rxc8 31. Kf2 Qxh3 32. Rxg5+ Kf8 33. Bc5+
Rxc5 34. Qd8# 1-0